[Event "Goch op 27th"]
[Site "Goch"]
[Date "2016.09.02"]
[Round "2"]
[White "Theile Rasche, Ingo"]
[Black "Steinke, Hans Joerg"]
[Result "1-0"]
[WhiteElo "1930"]
[BlackElo "1718"]
[PlyCount "89"]
[EventDate "2016.09.01"]
[EventType "swiss"]
[EventRounds "7"]
[EventCountry "GER"]
[SourceTitle "EXT 2018"]
[Source "ChessBase"]
[SourceDate "2017.10.13"]
[SourceVersion "1"]
[SourceVersionDate "2017.10.13"]
[SourceQuality "1"]

1. Nc3 d5 2. e4 d4 3. Nce2 c5 4. Ng3 e5 5. Bc4 Nf6 6. Nf3 Bg4 7. Nxe5 Be6 8. d3 Nbd7 9. Nxd7 Qxd7 10. Bxe6 Qxe6 11. 0-0 Be7 12. Nf5 0-0 13. Nxe7+ Qxe7 14. Bg5 Qe6 15. f4 Nd7 16. f5 Qb6 17. b3 f6 18. Bf4 Ne5 19. Bxe5 fxe5 20. Qg4 Rf6 21. Rf3 Rh6 22. Qg3 Qf6 23. Qf2 Rf8 24. Qd2 Qd8 25. Raf1 b5 26. g4 b4 27. g5 Ra6 28. Ra1 g6 29. h4 Qd7 30. Qf2 Qf7 31. Qg3 Qe7 32. fxg6 Rxg6 33. Rxf8+ Kxf8 34. Rf1+ Kg8 35. Rf5 Re6 36. Qg4 Qe8 37. Kf2 Kg7 38. Qf3 Ra6 39. Rf6 Rxa2 40. Rh6 Rxc2+ 41. Ke1 Kg8 42. Qf5 Qe7 43. g6 Rg2 44. gxh7+ Kh8 45. Qc8+ 1-0

[Event "Goch op 27th"]
[Site "Goch"]
[Date "2016.09.01"]
[Round "1"]
[White "Coenen, Michael"]
[Black "Theile Rasche, Ingo"]
[Result "1-0"]
[WhiteElo "2406"]
[BlackElo "1930"]
[PlyCount "67"]
[EventDate "2016.09.01"]
[EventType "swiss"]
[EventRounds "7"]
[EventCountry "GER"]
[SourceTitle "EXT 2018"]
[Source "ChessBase"]
[SourceDate "2017.10.13"]
[SourceVersion "1"]
[SourceVersionDate "2017.10.13"]
[SourceQuality "1"]

1. e4 Nc6 2. Nf3 f5 3. exf5 d5 4. Bb5 Bxf5 5. d4 e6 6. Ne5 Nge7 7. Qh5+ g6 8. Qe2 Bg7 9. Bg5 0-0 10. Bxc6 Nxc6 11. Bxd8 Nxd4 12. Qd2 Bxe5 13. Na3 Raxd8 14. c3 Nc6 15. 0-0 d4 16. cxd4 Bxd4 17. Kh1 Be5 18. Qe3 Bxb2 19. Rad1 Bd4 20. Qb3 Bb6 21. f3 Na5 22. Qc3 h5 23. Nc2 Nc6 24. Ne3 e5 25. Qc4+ Kg7 26. Rxd8 Rxd8 27. Nxf5+ gxf5 28. Qe6 f4 29. Qf5 Rd6 30. Qxh5 Rg6 31. Rd1 Bd4 32. Qf5 Rf6 33. Qg4+ Kf8 34. Qc8+ 1-0

[Event "Rheinland Pfalz op 7th"]
[Site "Frankenthal"]
[Date "2015.06.07"]
[Round "7"]
[White "Theile Rasche, Ingo"]
[Black "Hegermann, Frank"]
[Result "0-1"]
[WhiteElo "1903"]
[BlackElo "2090"]
[PlyCount "110"]
[EventDate "2015.06.04"]
[EventType "swiss"]
[EventRounds "7"]
[EventCountry "GER"]
[SourceTitle "EXT 2017"]
[Source "ChessBase"]
[SourceDate "2016.10.25"]
[SourceVersion "1"]
[SourceVersionDate "2016.10.25"]
[SourceQuality "1"]

1. g4 d5 2. Bg2 c6 3. h3 e5 4. d4 exd4 5. Qxd4 Be6 6. Bf4 Nd7 7. b4 Qf6 8. Qxf6 Ngxf6 9. Bd2 Bd6 10. f4 Nb6 11. a3 Nc4 12. Bc1 a5 13. bxa5 Rxa5 14. Nf3 h5 15. g5 Ne4 16. Nd4 Ng3 17. Nb3 Nxh1 18. Nxa5 Nxa5 19. Bxh1 Bxh3 20. e4 dxe4 21. Bxe4 Kd7 22. Kf2 Nc4 23. Bd3 Be6 24. f5 Bd5 25. Bxc4 Bxc4 26. Bb2 f6 27. Nd2 Bc5+ 28. Kg3 Be2 29. Ne4 Be7 30. Kf2 Bg4 31. gxf6 gxf6 32. Bxf6 Rf8 33. Bxe7 Rxf5+ 34. Kg3 Kxe7 35. Re1 Kd7 36. Re3 b6 37. Nf2 Rc5 38. Nxg4 hxg4 39. Rd3+ Kc7 40. c3 Rc4 41. Re3 b5 42. Rd3 Kb6 43. Kf2 Ka5 44. Ke2 Ka4 45. Kd2 Kxa3 46. Rg3 Kb3 47. Re3 c5 48. Rg3 Rf4 49. Rg1 b4 50. Rg3 Rf3 51. Rxg4 Rxc3 52. Rg1 Rc2+ 53. Kd1 c4 54. Rg4 Rh2 55. Rg1 c3 0-1

[Event "Rheinland Pfalz op 7th"]
[Site "Frankenthal"]
[Date "2015.06.06"]
[Round "6"]
[White "Buzov, Boris"]
[Black "Theile Rasche, Ingo"]
[Result "0-1"]
[WhiteElo "2049"]
[BlackElo "1903"]
[PlyCount "80"]
[EventDate "2015.06.04"]
[EventType "swiss"]
[EventRounds "7"]
[EventCountry "GER"]
[SourceTitle "EXT 2017"]
[Source "ChessBase"]
[SourceDate "2016.10.25"]
[SourceVersion "1"]
[SourceVersionDate "2016.10.25"]
[SourceQuality "1"]

1. e4 c5 2. Nf3 a6 3. c3 e6 4. d4 d5 5. exd5 Qxd5 6. dxc5 Qxd1+ 7. Kxd1 Bxc5 8. Ke1 Nf6 9. Be2 Nc6 10. Nbd2 0-0 11. Nb3 Ba7 12. h3 b5 13. Nbd4 Bb7 14. a4 Nxd4 15. cxd4 b4 16. a5 Rfd8 17. Be3 Rac8 18. Bd1 Bxf3 19. Bxf3 Bxd4 20. Bxd4 Rxd4 21. Rd1 Rxd1+ 22. Bxd1 Rc5 23. Kd2 Rxa5 24. Kc2 Rc5+ 25. Kb3 a5 26. Bf3 Kf8 27. Rd1 Ke7 28. Rd2 Nd5 29. g3 Nb6 30. h4 Rc4 31. Bd1 a4+ 32. Ka2 Rc1 33. Bxa4 Nxa4 34. Kb3 Nb6 35. Kxb4 Nd5+ 36. Kb5 Kd6 37. b4 Rb1 38. Rd4 Ke5 39. Rc4 Rxb4+ 40. Rxb4 Nxb4 0-1

[Event "Rheinland Pfalz op 7th"]
[Site "Frankenthal"]
[Date "2015.06.06"]
[Round "4"]
[White "Pitic, Jasmin"]
[Black "Theile Rasche, Ingo"]
[Result "1-0"]
[WhiteElo "2120"]
[BlackElo "1903"]
[PlyCount "58"]
[EventDate "2015.06.04"]
[EventType "swiss"]
[EventRounds "7"]
[EventCountry "GER"]
[SourceTitle "EXT 2017"]
[Source "ChessBase"]
[SourceDate "2016.10.25"]
[SourceVersion "1"]
[SourceVersionDate "2016.10.25"]
[SourceQuality "1"]

1. Nf3 Nc6 2. d4 d5 3. g3 Nf6 4. Bg2 e6 5. 0-0 Bd6 6. c4 dxc4 7. Qa4 0-0 8. Qxc4 Bd7 9. Nc3 Re8 10. Rd1 e5 11. dxe5 Nxe5 12. Nxe5 Rxe5 13. Bxb7 Rb8 14. Bg2 Rb4 15. Qd3 Bf5 16. Qd2 Qe8 17. b3 Ng4 18. e3 Qe6 19. Ba3 Rb6 20. Bxd6 Rxd6 21. Qe1 Qh6 22. h3 Nxe3 23. Rxd6 cxd6 24. fxe3 Rxe3 25. Qf2 Bxh3 26. Nd5 Re5 27. Rf1 Qe6 28. Nf4 Bxg2 29. Nxe6 Bxf1 1-0

[Event "Rheinland Pfalz op 7th"]
[Site "Frankenthal"]
[Date "2015.06.06"]
[Round "2"]
[White "Theile Rasche, Ingo"]
[Black "Freising, Manuel"]
[Result "0-1"]
[WhiteElo "1903"]
[BlackElo "2106"]
[PlyCount "96"]
[EventDate "2015.06.04"]
[EventType "swiss"]
[EventRounds "7"]
[EventCountry "GER"]
[SourceTitle "EXT 2017"]
[Source "ChessBase"]
[SourceDate "2016.10.25"]
[SourceVersion "1"]
[SourceVersionDate "2016.10.25"]
[SourceQuality "1"]

1. g4 d5 2. Bg2 c5 3. c4 d4 4. d3 Nc6 5. Qb3 Qb6 6. Qxb6 axb6 7. h3 Nb4 8. Na3 Rxa3 9. bxa3 Nc2+ 10. Kd2 Nxa1 11. Bb2 e5 12. Nf3 Bd6 13. Bxa1 Ne7 14. Ng5 0-0 15. Be4 h6 16. Nf3 g6 17. Nh4 Nc6 18. Rb1 Bc7 19. e3 Na5 20. Bd5 Kh7 21. exd4 exd4 22. Re1 Kg7 23. Ng2 Bd6 24. Rb1 Bc7 25. Re1 Bd8 26. Bb2 f5 27. f3 fxg4 28. hxg4 Bd7 29. Ke2 Re8+ 30. Be4 Rxe4+ 31. dxe4 Nxc4 32. Bc1 g5 33. Kf2 Ne5 34. f4 Nd3+ 35. Kg3 Nxe1 36. Nxe1 gxf4+ 37. Bxf4 Be6 38. Nd3 Bxa2 39. Be5+ Kf7 40. Bf4 Bb1 41. Nf2 Kg6 42. Kf3 c4 43. Be5 Bf6 44. Bc7 b5 45. e5 Bg5 46. Ba5 c3 47. Bb4 c2 48. Nd3 c1Q 0-1

[Event "Goch op 25th"]
[Site "Goch"]
[Date "2014.09.07"]
[Round "6"]
[White "Theile Rasche, Ingo"]
[Black "Mentink, Toon"]
[Result "1-0"]
[WhiteElo "1909"]
[BlackElo "1800"]
[PlyCount "112"]
[EventDate "2014.09.04"]
[EventType "swiss"]
[EventRounds "7"]
[EventCountry "GER"]
[SourceTitle "EXT 2016"]
[Source "ChessBase"]
[SourceDate "2015.10.08"]
[SourceVersion "1"]
[SourceVersionDate "2015.10.08"]
[SourceQuality "1"]

1. d4 Nf6 2. Nf3 g6 3. c4 Bg7 4. Nc3 0-0 5. e4 d6 6. Be2 c6 7. 0-0 Na6 8. Qc2 Bd7 9. h3 c5 10. d5 Qc7 11. a3 e5 12. Bg5 Rae8 13. Qd2 Nh5 14. Nh2 Nf4 15. Bxf4 exf4 16. Qxf4 f5 17. Qd2 fxe4 18. Bg4 Bf5 19. Rae1 Qe7 20. Nxe4 Be5 21. Bxf5 Rxf5 22. Ng4 Kh8 23. Ng3 Rg5 24. f4 Rxg4 25. hxg4 Bd4+ 26. Qxd4+ cxd4 27. Rxe7 Rxe7 28. Rd1 Re3 29. Kf2 Rb3 30. Rd2 Nc5 31. Rxd4 Rxb2+ 32. Kg1 Ra2 33. Ne4 Nxe4 34. Rxe4 Rxa3 35. Re8+ Kg7 36. Re7+ Kf6 37. Rxb7 h5 38. gxh5 gxh5 39. Rh7 Rc3 40. Rxa7 Rxc4 41. Rd7 Rxf4 42. Rxd6+ Ke5 43. Rd8 Rd4 44. Kh2 Rd3 45. g3 Rd1 46. Rh8 Rxd5 47. Rxh5+ Ke6 48. Rxd5 Kxd5 49. Kh3 Ke6 50. Kg4 Kf6 51. Kh5 Kg7 52. Kg5 Kh7 53. Kf6 Kh6 54. g4 Kh7 55. g5 Kg8 56. Kg6 Kh8 1-0

[Event "Goch op 25th"]
[Site "Goch"]
[Date "2014.09.05"]
[Round "3"]
[White "Kammann, Thomas"]
[Black "Theile Rasche, Ingo"]
[Result "0-1"]
[WhiteElo "1560"]
[BlackElo "1909"]
[PlyCount "62"]
[EventDate "2014.09.04"]
[EventType "swiss"]
[EventRounds "7"]
[EventCountry "GER"]
[SourceTitle "EXT 2016"]
[Source "ChessBase"]
[SourceDate "2015.10.08"]
[SourceVersion "1"]
[SourceVersionDate "2015.10.08"]
[SourceQuality "1"]

1. e4 Nc6 2. Nf3 f5 3. Nc3 fxe4 4. Nxe4 d5 5. Ng3 e5 6. d4 e4 7. Ne5 Nxe5 8. dxe5 Qe7 9. Qxd5 c6 10. Qxe4 Be6 11. Nf5 Qd7 12. Bf4 Bxf5 13. Qa4 Bc5 14. Rd1 Bxf2+ 15. Ke2 Bg4+ 16. Kxf2 Bxd1 17. Bd3 Bg4 18. h3 Be6 19. Rd1 0-0-0 20. Be2 Qc7 21. Rxd8+ Kxd8 22. Qxa7 Ne7 23. Qd4+ Qd7 24. Qb6+ Ke8 25. Kg1 Nd5 26. Qd4 Nxf4 27. Qxf4 Rf8 28. Qb4 Rf5 29. Bg4 Rxe5 30. Bxe6 Qxe6 31. Qxb7 Re1+ 0-1

[Event "Baden-ch U2000 op"]
[Site "Waldshut Tiengen"]
[Date "2014.06.20"]
[Round "4"]
[White "Theile Rasche, Ingo"]
[Black "Keller, Felix"]
[Result "1-0"]
[WhiteElo "1919"]
[BlackElo "1871"]
[PlyCount "79"]
[EventDate "2014.06.19"]
[EventType "swiss"]
[EventRounds "7"]
[EventCountry "GER"]
[SourceTitle "EXT 2015"]
[Source "ChessBase"]
[SourceDate "2014.11.20"]
[SourceVersion "1"]
[SourceVersionDate "2014.11.20"]
[SourceQuality "1"]

1. d4 Nf6 2. Nc3 g6 3. e4 d6 4. Nf3 Bg7 5. Bc4 0-0 6. 0-0 c6 7. Re1 Nxe4 8. Bxf7+ Rxf7 9. Nxe4 Bg4 10. Neg5 Rf8 11. c3 Bxf3 12. Nxf3 Qd7 13. Qb3+ d5 14. Qb4 Re8 15. Bf4 Na6 16. Qa3 Nc7 17. Bxc7 Qxc7 18. Re6 Bf6 19. Rae1 Qf4 20. h3 Rf8 21. Qb3 Rab8 22. Qc2 Rbd8 23. Ne5 Rd6 24. Rxd6 Bxe5 25. Rxg6+ hxg6 26. Rxe5 Qf6 27. Qe2 Rf7 28. Re3 Qg5 29. Rg3 Qc1+ 30. Kh2 Qf4 31. Qe6 g5 32. f3 Kh7 33. Qg4 Kg6 34. h4 Qxg4 35. Rxg4 Rf5 36. Kg3 e5 37. dxe5 c5 38. Rxg5+ Rxg5+ 39. hxg5 Kxg5 40. f4+ 1-0

[Event "Goch op 24th"]
[Site "Goch"]
[Date "2013.09.07"]
[Round "4"]
[White "Theile Rasche, Ingo"]
[Black "Hoffmann, Michael4444"]
[Result "1/2-1/2"]
[WhiteElo "1943"]
[BlackElo "1702"]
[PlyCount "58"]
[EventDate "2013.09.05"]
[EventType "swiss"]
[EventRounds "7"]
[EventCountry "GER"]
[SourceTitle "EXT 2015"]
[Source "ChessBase"]
[SourceDate "2014.11.20"]
[SourceVersion "1"]
[SourceVersionDate "2014.11.20"]
[SourceQuality "1"]

1. d4 d5 2. Nf3 Nf6 3. e3 e6 4. Bd3 c5 5. b3 cxd4 6. exd4 Be7 7. 0-0 Nc6 8. c3 0-0 9. Qc2 Qc7 10. Re1 h6 11. Nbd2 Bd6 12. Nf1 e5 13. dxe5 Nxe5 14. Nxe5 Bxe5 15. Bb2 Be6 16. Rac1 Rac8 17. Qe2 Bf4 18. Rc2 Bg4 19. f3 Rfe8 20. Qd1 Qb6+ 21. Kh1 Bd7 22. Rce2 Bb5 23. Ng3 Bxd3 24. Qxd3 Bxg3 25. hxg3 Rxe2 26. Rxe2 Nh5 27. f4 Nf6 28. Qf5 Rd8 29. Qd3 Ne4 1/2-1/2

[Event "Rhein Main op-A 16th"]
[Site "Bad Homburg"]
[Date "2013.06.02"]
[Round "7"]
[White "Mussler, Thomas"]
[Black "Theile Rasche, Ingo"]
[Result "1/2-1/2"]
[WhiteElo "2090"]
[BlackElo "1934"]
[PlyCount "80"]
[EventDate "2013.05.29"]
[EventType "swiss"]
[EventRounds "7"]
[EventCountry "GER"]
[SourceTitle "EXT 2014"]
[Source "ChessBase"]
[SourceDate "2013.11.20"]
[SourceVersion "1"]
[SourceVersionDate "2013.11.20"]
[SourceQuality "1"]

1. e4 c5 2. Nf3 e6 3. d3 d5 4. Nbd2 Nc6 5. g3 Be7 6. Bg2 dxe4 7. dxe4 Nf6 8. 0-0 0-0 9. Re1 e5 10. c3 h6 11. Qe2 Be6 12. Nh4 Nh7 13. Nf5 Bg5 14. Ne3 Nf6 15. Ndf1 Ne7 16. h4 Bxe3 17. Nxe3 Qc8 18. b3 Rb8 19. Nc4 Bxc4 20. Qxc4 b5 21. Qe2 Rd8 22. Be3 a6 23. Red1 Rxd1+ 24. Rxd1 c4 25. b4 Nc6 26. Bc5 Qe8 27. Rd6 Rd8 28. Qd1 Rxd6 29. Qxd6 Qd7 30. f3 Qxd6 31. Bxd6 Nd7 32. Kf2 Nb6 33. Ke3 f6 34. Bh3 Kf7 35. f4 g6 36. Kd2 h5 37. Bc5 Na4 38. Bd6 Nb6 39. Bc7 Na8 40. Bd6 Nb6 1/2-1/2

[Event "Rhein Main op-A 16th"]
[Site "Bad Homburg"]
[Date "2013.05.30"]
[Round "3"]
[White "Keller, Peter1111"]
[Black "Theile Rasche, Ingo"]
[Result "1/2-1/2"]
[WhiteElo "2065"]
[BlackElo "1934"]
[PlyCount "77"]
[EventDate "2013.05.29"]
[EventType "swiss"]
[EventRounds "7"]
[EventCountry "GER"]
[SourceTitle "EXT 2014"]
[Source "ChessBase"]
[SourceDate "2013.11.20"]
[SourceVersion "1"]
[SourceVersionDate "2013.11.20"]
[SourceQuality "1"]

1. e4 c5 2. Nf3 e6 3. Nc3 a6 4. d4 cxd4 5. Nxd4 Qc7 6. Be2 d6 7. 0-0 Nf6 8. f4 Nbd7 9. a4 b6 10. Bf3 Bb7 11. Qe2 Rc8 12. Be3 Be7 13. g4 Nc5 14. Bd2 0-0 15. g5 Ne8 16. Rae1 Nd7 17. f5 e5 18. Nb3 f6 19. g6 hxg6 20. Bg4 g5 21. Bh5 g6 22. Bxg6 Kg7 23. h4 Rh8 24. Kg2 Qc4 25. Qf3 d5 26. exd5 Rxh4 27. Rh1 g4 28. Qd3 Qxd3 29. cxd3 Rxh1 30. Rxh1 Nf8 31. Bh6+ Kg8 32. Bxe8 Rxe8 33. d4 Bb4 34. Kg3 Bxc3 35. bxc3 Bxd5 36. Rb1 Be4 37. Rf1 Bf3 38. Re1 Nd7 39. dxe5 1/2-1/2

[Event "Rhein Main op-A 16th"]
[Site "Bad Homburg"]
[Date "2013.05.29"]
[Round "1"]
[White "Dunsbach, Ralf"]
[Black "Theile Rasche, Ingo"]
[Result "1-0"]
[WhiteElo "2179"]
[BlackElo "1934"]
[PlyCount "43"]
[EventDate "2013.05.29"]
[EventType "swiss"]
[EventRounds "7"]
[EventCountry "GER"]
[SourceTitle "EXT 2014"]
[Source "ChessBase"]
[SourceDate "2013.11.20"]
[SourceVersion "1"]
[SourceVersionDate "2013.11.20"]
[SourceQuality "1"]

1. d4 d5 2. Nf3 c5 3. dxc5 Nc6 4. c3 e5 5. b4 g6 6. e3 Bg7 7. Bb2 Bg4 8. h3 Bxf3 9. Qxf3 e4 10. Qe2 Nge7 11. Qc2 0-0 12. Be2 Nf5 13. Nd2 Bh6 14. 0-0-0 a5 15. b5 Ne5 16. Nxe4 Bxe3+ 17. Kb1 Qh4 18. Rxd5 Rae8 19. g3 Qe7 20. g4 Nc4 21. Bxc4 Bxf2 22. gxf5 1-0

[Event "Goch op 23rd"]
[Site "Goch"]
[Date "2012.09.02"]
[Round "6"]
[White "Theile Rasche, Ingo"]
[Black "Jenusch, Robert"]
[Result "1-0"]
[WhiteElo "1924"]
[BlackElo "2028"]
[PlyCount "65"]
[EventDate "2012.08.30"]
[EventType "swiss"]
[EventRounds "7"]
[EventCountry "GER"]
[SourceTitle "EXT 2015"]
[Source "ChessBase"]
[SourceDate "2014.11.20"]
[SourceVersion "1"]
[SourceVersionDate "2014.11.20"]
[SourceQuality "1"]

1. d4 d5 2. Nc3 e6 3. f3 c5 4. e4 dxe4 5. d5 exd5 6. Nxd5 Nf6 7. fxe4 Be6 8. Nxf6+ Qxf6 9. Nf3 Nc6 10. Bb5 Bg4 11. 0-0 Rd8 12. Qe2 Be7 13. e5 Qg6 14. Bd3 Qh5 15. Bb5 0-0 16. Bxc6 bxc6 17. Bf4 Qg6 18. Rf2 Rd4 19. Bg3 Rfd8 20. Re1 c4 21. e6 fxe6 22. Ne5 Qh5 23. Nxg4 Qxg4 24. Qxg4 Rxg4 25. Rfe2 Rg6 26. Bf2 Kf7 27. a3 Rb8 28. c3 a6 29. Rd2 Rb5 30. Re4 Rd5 31. Bd4 Ke8 32. Rde2 Kd7 33. g3 1-0

[Event "Goch op 23rd"]
[Site "Goch"]
[Date "2012.09.01"]
[Round "4"]
[White "Theile Rasche, Ingo"]
[Black "Priebe, Bernhard"]
[Result "1-0"]
[WhiteElo "1924"]
[BlackElo "1515"]
[PlyCount "69"]
[EventDate "2012.08.30"]
[EventType "swiss"]
[EventRounds "7"]
[EventCountry "GER"]
[SourceTitle "EXT 2015"]
[Source "ChessBase"]
[SourceDate "2014.11.20"]
[SourceVersion "1"]
[SourceVersionDate "2014.11.20"]
[SourceQuality "1"]

1. d4 d5 2. Nc3 Nf6 3. Qd3 Nc6 4. Nf3 a6 5. a3 g6 6. Bf4 Bf5 7. Qd1 e6 8. e3 Bd6 9. Ne5 Bxe5 10. dxe5 Ne4 11. Nxe4 dxe4 12. Qxd8+ Rxd8 13. Be2 0-0 14. g4 g5 15. Bxg5 Bg6 16. h4 f6 17. Bxf6 Rd7 18. Bc4 Bf7 19. Ke2 b5 20. Ba2 Ne7 21. Rad1 Nd5 22. Rd4 Nxf6 23. exf6 Rfd8 24. Rxd7 Rxd7 25. Rd1 Rd6 26. Rd4 e5 27. Bxf7+ Kxf7 28. Rxe4 Kxf6 29. f4 exf4 30. exf4 h6 31. Re5 Rd4 32. Ke3 Rd1 33. Rc5 Rg1 34. Rc6+ Kg7 35. Rxc7+ 1-0

[Event "Goch op 22nd"]
[Site "Goch"]
[Date "2011.09.30"]
[Round "2"]
[White "Theile Rasche, Ingo"]
[Black "Fleuren, Jan"]
[Result "1/2-1/2"]
[WhiteElo "1918"]
[BlackElo "2081"]
[PlyCount "109"]
[EventDate "2011.09.29"]
[EventType "swiss"]
[EventRounds "7"]
[EventCountry "GER"]
[SourceTitle "EXT 2014"]
[Source "ChessBase"]
[SourceDate "2013.11.20"]
[SourceVersion "1"]
[SourceVersionDate "2013.11.20"]
[SourceQuality "1"]

1. d4 d6 2. Nc3 Nf6 3. e4 e5 4. dxe5 dxe5 5. Qxd8+ Kxd8 6. Bg5 Be6 7. Nf3 Nbd7 8. 0-0-0 Kc8 9. Bh4 Bb4 10. Nd5 Nxd5 11. exd5 Bg4 12. Be2 f6 13. a3 Bd6 14. h3 Bh5 15. Nd4 Bxe2 16. Nxe2 g5 17. Bg3 f5 18. f3 b6 19. h4 f4 20. Bf2 g4 21. Nc3 g3 22. Be1 Nf6 23. Nb5 Kd7 24. Bb4 Rhg8 25. c4 a6 26. Nc3 Rae8 27. Rde1 Rg6 28. Kc2 Rh6 29. Kd3 Rh5 30. Ne4 Nxe4 31. Kxe4 a5 32. Bc3 a4 33. Rc1 Bc5 34. Bb4 Kd6 35. Rb1 Ra8 36. Bc3 Re8 37. Bb4 Rb8 38. Rbc1 Rg8 39. Rb1 Ra8 40. Bc3 Rf8 41. Bb4 Rf6 42. Rh3 Rfh6 43. Rbh1 Kd7 44. Bc3 Bd6 45. Bb4 Be7 46. Bc3 Bf6 47. Bb4 Rg6 48. Rd1 Be7 49. Bc3 Bd6 50. Rb1 Rg8 51. Rhh1 b5 52. Rbc1 bxc4 53. Bb4 Rb8 54. Rxc4 Rb7 55. Bc3 1/2-1/2

[Event "Goch op 21st"]
[Site "Goch"]
[Date "2010.10.01"]
[Round "3"]
[White "Mueller, Markus"]
[Black "Theile Rasche, Ingo"]
[Result "1-0"]
[WhiteElo "2163"]
[BlackElo "1933"]
[PlyCount "63"]
[EventDate "2010.09.30"]
[EventType "swiss"]
[EventRounds "7"]
[EventCountry "GER"]
[SourceTitle "EXT 2012"]
[Source "ChessBase"]
[SourceDate "2011.11.24"]
[SourceVersion "1"]
[SourceVersionDate "2011.11.24"]
[SourceQuality "1"]

1. e4 c5 2. Nf3 e6 3. d3 d6 4. g3 Nd7 5. Bg2 Be7 6. 0-0 Qc7 7. c3 b6 8. Re1 Bb7 9. d4 Ngf6 10. Nbd2 Rd8 11. Qe2 0-0 12. e5 dxe5 13. dxe5 Ne8 14. h4 g6 15. Nf1 Ng7 16. N1h2 c4 17. Ng4 Nf5 18. Bf4 b5 19. Bg5 h5 20. Nh6+ Nxh6 21. Bxe7 Nc5 22. Bxf8 Kxf8 23. Red1 Nd3 24. Ne1 Ng4 25. Nxd3 cxd3 26. Rxd3 Rxd3 27. Qxd3 Nxe5 28. Qxb5 Bxg2 29. Kxg2 Ng4 30. Rd1 a6 31. Qd7 Qc4 32. Qd8+ 1-0

[Event "Goch op 21st"]
[Site "Goch"]
[Date "2010.09.30"]
[Round "1"]
[White "Siebrecht, Sebastian"]
[Black "Theile Rasche, Ingo"]
[Result "1-0"]
[WhiteElo "2421"]
[BlackElo "1933"]
[PlyCount "85"]
[EventDate "2010.09.30"]
[EventType "swiss"]
[EventRounds "7"]
[EventCountry "GER"]
[SourceTitle "EXT 2012"]
[Source "ChessBase"]
[SourceDate "2011.11.24"]
[SourceVersion "1"]
[SourceVersionDate "2011.11.24"]
[SourceQuality "1"]

1. d4 e6 2. c4 c5 3. d5 d6 4. Nc3 Nf6 5. e4 Be7 6. f4 Nbd7 7. Nf3 0-0 8. e5 Ne8 9. Bd3 Nb6 10. 0-0 g6 11. dxe6 Bxe6 12. f5 gxf5 13. Bh6 Nxc4 14. Qe1 Nxe5 15. Nxe5 Bh4 16. Qe3 dxe5 17. Bxf8 Kxf8 18. Bxf5 Bxf5 19. Rxf5 Qd4 20. Qxd4 cxd4 21. Ne4 Ng7 22. Rxe5 Re8 23. Rxe8+ Kxe8 24. Nd6+ Ke7 25. Nxb7 Ne6 26. b4 Bg5 27. Rd1 Be3+ 28. Kf1 Nf4 29. Na5 Kd7 30. Nb3 Ne6 31. g3 Kc6 32. Ke2 Kb5 33. Rf1 Ng5 34. Nxd4+ Bxd4 35. Rf5+ Kxb4 36. Rxg5 Bb6 37. Kd3 Ka3 38. Kc4 Kxa2 39. Kb5 Kb3 40. Rh5 Kc3 41. Rxh7 f6 42. Rf7 Bd4 43. h4 1-0

[Event "Goch op 20th"]
[Site "Goch"]
[Date "2009.10.02"]
[Round "2"]
[White "Theile Rasche, Ingo"]
[Black "May, Holger"]
[Result "1/2-1/2"]
[WhiteElo "1940"]
[BlackElo "1680"]
[PlyCount "62"]
[EventDate "2009.10.01"]
[EventType "swiss"]
[EventRounds "7"]
[EventCountry "GER"]
[SourceTitle "EXT 2011"]
[Source "ChessBase"]
[SourceDate "2010.11.26"]
[SourceVersion "1"]
[SourceVersionDate "2010.11.26"]
[SourceQuality "1"]

1. d4 Nf6 2. Nf3 g6 3. c4 Bg7 4. Nc3 0-0 5. e3 c5 6. Be2 d6 7. 0-0 Nc6 8. d5 Na5 9. e4 e5 10. a3 b6 11. h3 h6 12. b4 Nb7 13. Nh2 Ne8 14. Bb2 f5 15. exf5 gxf5 16. f4 e4 17. Qc2 Qh4 18. Nb5 Rf7 19. Kh1 Nf6 20. Bc3 Nh5 21. Bxh5 Qxh5 22. Bxg7 Rxg7 23. Ra2 Bd7 24. Nc3 Rf8 25. Nd1 Rf6 26. Ne3 Rfg6 27. Qe2 Qh4 28. Qf2 Qf6 29. Rg1 b5 30. Qb2 bxc4 31. Qxf6 Rxf6 1/2-1/2

[Event "Goch op 20th"]
[Site "Goch"]
[Date "2009.10.01"]
[Round "1"]
[White "Cicak, Slavko"]
[Black "Theile Rasche, Ingo"]
[Result "1-0"]
[WhiteElo "2576"]
[BlackElo "1940"]
[PlyCount "51"]
[EventDate "2009.10.01"]
[EventType "swiss"]
[EventRounds "7"]
[EventCountry "GER"]
[SourceTitle "EXT 2011"]
[Source "ChessBase"]
[SourceDate "2010.11.26"]
[SourceVersion "1"]
[SourceVersionDate "2010.11.26"]
[SourceQuality "1"]

1. e4 c5 2. Nf3 e6 3. b3 d6 4. Bb2 Nd7 5. Bd3 Qc7 6. 0-0 Ngf6 7. Re1 e5 8. c3 Be7 9. Bf1 0-0 10. d4 a6 11. dxe5 dxe5 12. c4 b6 13. Nc3 Bb7 14. Qc2 Rfd8 15. a3 Rac8 16. Rad1 Ne8 17. g3 f6 18. Bh3 Nd6 19. Nh4 Rb8 20. f4 b5 21. Nd5 Bxd5 22. exd5 bxc4 23. bxc4 Nb6 24. Be6+ Kh8 25. Ng6+ hxg6 26. Qxg6 1-0

[Event "Goch op 18th"]
[Site "Goch"]
[Date "2007.10.06"]
[Round "5"]
[White "Heimburger, Horst"]
[Black "Theile Rasche, Ingo"]
[Result "0-1"]
[WhiteElo "1447"]
[BlackElo "1980"]
[PlyCount "74"]
[EventDate "2007.10.04"]
[EventType "swiss"]
[EventRounds "7"]
[EventCountry "GER"]
[SourceTitle "EXT 2011"]
[Source "ChessBase"]
[SourceDate "2010.11.26"]
[SourceVersion "1"]
[SourceVersionDate "2010.11.26"]
[SourceQuality "1"]

1. d4 e6 2. e4 b6 3. Bf4 Bb7 4. Nd2 d6 5. Ngf3 Nd7 6. Bd3 Be7 7. 0-0 Ngf6 8. Re1 0-0 9. Nf1 c5 10. c3 Rc8 11. Ng3 Re8 12. Bd2 Bf8 13. Bg5 Be7 14. Bd2 Qc7 15. Rc1 Qb8 16. b3 Red8 17. Bb1 Qa8 18. Bg5 h6 19. Bxf6 Bxf6 20. c4 cxd4 21. Nxd4 Bg5 22. Rc2 Nc5 23. f3 a6 24. Rce2 Bh4 25. Nc2 b5 26. cxb5 axb5 27. Nd4 Ba6 28. b4 Na4 29. Rc2 Qa7 30. Rxc8 Rxc8 31. Kh1 Rc4 32. Nc2 Qc7 33. a3 Nc3 34. Qd3 Nxb1 35. Ne3 Rc1 36. Rxc1 Qxc1+ 37. Ngf1 Bf2 0-1

[Event "Duisburg Grossenbaum op"]
[Site "Duisburg"]
[Date "2006.06.02"]
[Round "1"]
[White "Theile Rasche, Ingo"]
[Black "Kraska, Erwin"]
[Result "1-0"]
[WhiteElo "2000"]
[BlackElo "1449"]
[PlyCount "79"]
[EventDate "2006.06.02"]
[EventType "swiss"]
[EventRounds "7"]
[EventCountry "GER"]
[SourceTitle "EXT 2007"]
[Source "ChessBase"]
[SourceDate "2006.11.23"]
[SourceVersion "1"]
[SourceVersionDate "2006.11.23"]
[SourceQuality "1"]

1. d4 d5 2. Nf3 Nc6 3. e3 e6 4. c3 Bd6 5. Nbd2 Nf6 6. Bd3 0-0 7. e4 Bf4 8. e5 Ne8 9. 0-0 f6 10. Re1 f5 11. Nf1 Bxc1 12. Qxc1 Qe7 13. b3 Nd8 14. c4 c6 15. cxd5 cxd5 16. Qc5 Qxc5 17. dxc5 Bd7 18. b4 Nc7 19. a4 Nf7 20. N1d2 Rfb8 21. Nd4 Nd8 22. b5 Kf7 23. Rec1 Rc8 24. N2b3 a5 25. c6 bxc6 26. Nc5 Be8 27. b6 Rab8 28. bxc7 Rb4 29. cxd8Q Rxd8 30. Ndxe6 Rdb8 31. Bxf5 g6 32. Bh3 Rc4 33. Rxc4 dxc4 34. g3 c3 35. Rc1 Ke7 36. Rxc3 Bf7 37. Rd3 Rb2 38. Rd7+ Ke8 39. Rb7 Rd2 40. Ne4 1-0